نصوص يمنية عن الحملة الفرنسية على مصر : (رقم التسجيلة. 26417)
[ عرض عادي ]
| 000 -LEADER | |
|---|---|
| fixed length control field | 00801nam a22001817a 4500 |
| 005 - DATE AND TIME OF LATEST TRANSACTION | |
| control field | 20251108165356.0 |
| 008 - FIXED-LENGTH DATA ELEMENTS--GENERAL INFORMATION | |
| fixed length control field | 250721s1975 xx 000 0 ara d |
| 082 14 - DEWEY DECIMAL CLASSIFICATION NUMBER | |
| Classification number | 962/لطف |
| 100 1# - MAIN ENTRY--PERSONAL NAME | |
| Personal name | جحاف، لطف الله بن أحمد |
| 245 10 - TITLE STATEMENT | |
| Title | نصوص يمنية عن الحملة الفرنسية على مصر : |
| Remainder of title | نصوص مختارة من المخطوطة اليمنية درر نحور الحور العين بسيرة الإمام المنصور و رجال دولته الميامين / |
| 264 1# - PRODUCTION, PUBLICATION, DISTRIBUTION, MANUFACTURE, AND COPYRIGHT NOTICE | |
| Place of production, publication, distribution, manufacture | القاهرة : |
| Name of producer, publisher, distributor, manufacturer | جامعة عين شمس، |
| Date of production, publication, distribution, manufacture, or copyright notice | 1975. |
| 300 ## - PHYSICAL DESCRIPTION | |
| Extent | 175ص : فهارس |
| 650 17 - SUBJECT ADDED ENTRY--TOPICAL TERM | |
| Topical term or geographic name as entry element | تاريخ مصر |
| 650 17 - SUBJECT ADDED ENTRY--TOPICAL TERM | |
| Topical term or geographic name as entry element | الحملة الفرنسية على مصر 1801 - 1798 |
| 700 1# - ADDED ENTRY--PERSONAL NAME | |
| Personal name | سالم، سيد مصطفى |
| Relator term | تحقيق |
| 942 ## - ADDED ENTRY ELEMENTS (KOHA) | |
| Source of classification or shelving scheme | Dewey Decimal Classification |
| Koha item type | كتب |
| حالة السحب | حالة الفقدان | مصدر التصنيف | حالة التلف | غير قابل للإعارة | المكتبة الرئيسية | المكتبة الحالية | موقع الرف | تاريخ التزويد | الرقم المتسلسل | Total Checkouts | رقم الإستدعاء | الباركود | تاريخ آخر ظهور | تاريخ الفاتورة | نوع المادة (كوها) |
|---|---|---|---|---|---|---|---|---|---|---|---|---|---|---|---|
| Dewey Decimal Classification | المكتبة المركزية | المكتبة المركزية | الإعارة | 12/07/2004 | 73909 | 962/لطف | 73909 | 28/07/2025 | 12/07/2004 | كتب |